[Event "FIDE World Cup 2021"]
[Site "Krasnaya Polyana (Sochi) RUS"]
[Date "2021.07.15"]
[EventDate "2021.07.12"]
[Round "2.1"]
[Result "1-0"]
[White "Benjamin Bok"]
[Black "Samuel Sevian"]
[WhiteElo "2624"]
[BlackElo "2647"]
[PlyCount "128"]

1. d4 Nf6 2. c4 e6 3. Nc3 Bb4 4. Qc2 d5 5. a3 Bxc3+ 6. Qxc3 Ne4 7. Qc2 c5
8. dxc5 Nc6 9. Nf3 Qa5+ 10. Bd2 Qxc5 11. e3 Nxd2 12. Nxd2 dxc4 13. Nxc4 Ne5
14. Rc1 Nxc4 15. Bxc4 Qb6 16. O-O Bd7 17. Rfd1 Bc6 18. b4 O-O 19. Bd3 h6
20. Bh7+ Kh8 21. Be4 Rac8 22. h3 a5 23. Bxc6 Rxc6 24. Qe4 axb4 25. axb4
Rfc8 26. Rxc6 Qxc6 27. Qd3 b5 28. Qd7 Qxd7 29. Rxd7 Rc4 30. Rxf7 Rxb4 31.
Re7 Re4 32. Kf1 Kh7 33. Ke2 Kg6 34. Kd3 Re5 35. e4 Kf6 36. Rc7 b4 37. Rb7
Ra5 38. Rxb4 Ra2 39. Ke3 Ra3+ 40. Ke2 Ra2+ 41. Kf3 Ra3+ 42. Kg4 Ra2 43. Kg3
g5 44. f3 h5 45. h4 gxh4+ 46. Kh2 Ra5 47. Rb8 Rc5 48. Rf8+ Kg6 49. Kh3 Rc1
50. Kxh4 Rh1+ 51. Kg3 h4+ 52. Kf2 h3 53. gxh3 Rxh3 54. e5 Kg5 55. Ke3 Rh6
56. f4+ Kh5 57. Ke4 Rh7 58. Re8 Rh6 59. f5 exf5+ 60. Kxf5 Rh7 61. e6 Kh6
62. Kf6 Kh5 63. Rg8 Rh6+ 64. Kf5 1-0

[Event "FIDE World Cup 2021"]
[Site "Krasnaya Polyana (Sochi) RUS"]
[Date "2021.07.15"]
[EventDate "2021.07.12"]
[Round "2.1"]
[Result "1-0"]
[White "Constantin Lupulescu"]
[Black "Abdelrahman Hesham"]
[WhiteElo "2659"]
[BlackElo "2397"]
[PlyCount "100"]

1. d4 d5 2. c4 e6 3. Nc3 a6 4. cxd5 exd5 5. Bf4 Nf6 6. e3 c5 7. Nge2 c4 8.
Bg5 Nbd7 9. g3 h6 10. Bxf6 Nxf6 11. Bg2 b5 12. a3 Bb7 13. Nf4 Qd7 14. Nh5
Nxh5 15. Qxh5 Rd8 16. Qe5+ Qe7 17. O-O f6 18. Qf5 Qd7 19. Qc2 f5 20. b3 Rc8
21. bxc4 Rxc4 22. Qb3 Be7 23. Rfc1 O-O 24. a4 Rfc8 25. axb5 axb5 26. Ra7
Kh8 27. Rxb7 Qxb7 28. Bxd5 Qa6 29. Bxc4 Rxc4 30. Rb1 b4 31. Ne2 Bd6 32. Qd3
Qb5 33. Rc1 Rxc1+ 34. Nxc1 Qd5 35. Nb3 h5 36. Nd2 h4 37. Qc4 Qa8 38. d5 h3
39. Kf1 g6 40. Ke2 Kg7 41. Qc6 Qb8 42. Nb3 Kf6 43. Nc5 Ke7 44. Qd7+ Kf6 45.
Nb7 Bf8 46. Nd8 Kg5 47. Qh7 Qb5+ 48. Ke1 Kg4 49. Nc6 Qxd5 50. Nd4 1-0

[Event "FIDE World Cup 2021"]
[Site "Krasnaya Polyana (Sochi) RUS"]
[Date "2021.07.15"]
[EventDate "2021.07.12"]
[Round "2.1"]
[Result "1/2-1/2"]
[White "Bogdan-Daniel Deac"]
[Black "Grigoriy Oparin"]
[WhiteElo "2639"]
[BlackElo "2654"]
[PlyCount "70"]

1. e4 e5 2. Nf3 Nc6 3. Bb5 Nf6 4. O-O Nxe4 5. Re1 Nd6 6. Nxe5 Nxe5 7. Rxe5+
Be7 8. Bf1 O-O 9. d4 Bf6 10. Re1 Re8 11. c3 Rxe1 12. Qxe1 Nf5 13. Bf4 c6
14. Nd2 d5 15. a4 Nd6 16. a5 Bf5 17. Qe3 h6 18. Be5 Bg6 19. Nb3 Be7 20. Nc5
b6 21. Bxd6 Bxd6 22. axb6 axb6 23. Rxa8 Qxa8 24. Nd7 Be4 25. f3 Bf5 26. Ne5
c5 27. g4 Be6 28. h3 Qa1 29. Qd2 f6 30. Ng6 cxd4 31. cxd4 Qb1 32. Nh4 g5
33. Ng2 h5 34. Qd3 Qxd3 35. Bxd3 hxg4 1/2-1/2

[Event "FIDE World Cup 2021"]
[Site "Krasnaya Polyana (Sochi) RUS"]
[Date "2021.07.15"]
[EventDate "2021.07.12"]
[Round "2.1"]
[Result "1/2-1/2"]
[White "Yuriy Kuzubov"]
[Black "Pavel Ponkratov"]
[WhiteElo "2653"]
[BlackElo "2629"]
[PlyCount "116"]

1. e4 c5 2. Nf3 Nc6 3. Bb5 e6 4. O-O Nge7 5. Re1 a6 6. Bf1 d5 7. exd5 Qxd5
8. Na3 Qd8 9. Nc4 Ng6 10. a4 Bd6 11. d3 O-O 12. Be3 e5 13. c3 Be7 14. a5
Be6 15. Nfd2 Rc8 16. Nb6 Rc7 17. Ndc4 Kh8 18. Bc1 Bg5 19. Bxg5 Qxg5 20. Qd2
Qe7 21. g3 Rd8 22. Bg2 f6 23. Qe3 Qf7 24. h4 Nce7 25. h5 Nf8 26. h6 Nf5 27.
hxg7+ Qxg7 28. Qf3 Qg5 29. Ne3 Rxd3 30. Rad1 c4 31. Rxd3 cxd3 32. Rd1 Nxe3
33. Qxe3 Bf5 34. Nd5 Rf7 35. Qxg5 fxg5 36. Ne3 Bg6 37. Bd5 Rc7 38. f3 Nd7
39. Be4 Bxe4 40. fxe4 Nc5 41. Ng4 h5 42. Nxe5 Nxe4 43. Rxd3 Rc5 44. Nf7+
Kg7 45. Nd6 Nxd6 46. Rxd6 Rxa5 47. Rd7+ Kf6 48. Rxb7 Kf5 49. Rb4 Ra2 50.
g4+ hxg4 51. Kf2 a5 52. Rb8 Kf4 53. Rf8+ Ke4 54. Rb8 Kd3 55. Kg3 Kc2 56.
Rb5 a4 57. Rb4 Rxb2 58. Rxa4 Kxc3 1/2-1/2

[Event "FIDE World Cup 2021"]
[Site "Krasnaya Polyana (Sochi) RUS"]
[Date "2021.07.15"]
[EventDate "2021.07.12"]
[Round "2.1"]
[Result "1-0"]
[White "Sandro Mareco"]
[Black "Jorge Cori"]
[WhiteElo "2629"]
[BlackElo "2652"]
[PlyCount "62"]

1. e4 c6 2. d4 d5 3. e5 Bf5 4. h4 h5 5. Bd3 Bxd3 6. Qxd3 e6 7. Bg5 Be7 8.
Nf3 Nh6 9. c4 dxc4 10. Qxc4 Nf5 11. Nc3 Nd7 12. Rd1 a5 13. Ne4 Nb6 14. Qe2
Nd5 15. O-O a4 16. a3 Qa5 17. g3 Bxg5 18. Nfxg5 Rd8 19. Rd3 Nc7 20. Rfd1
Nb5 21. Nf3 O-O 22. Nfg5 g6 23. Nf6+ Kg7 24. Nxh5+ gxh5 25. Qxh5 Nh6 26.
Rf3 Nd6 27. exd6 Qd5 28. Rf6 Kxf6 29. Qxh6+ Kf5 30. f3 Rh8 31. g4+ 1-0

[Event "FIDE World Cup 2021"]
[Site "Krasnaya Polyana (Sochi) RUS"]
[Date "2021.07.15"]
[EventDate "2021.07.12"]
[Round "2.1"]
[Result "0-1"]
[White "Alexander Onischuk"]
[Black "David Paravyan"]
[WhiteElo "2649"]
[BlackElo "2625"]
[PlyCount "58"]

1. d4 Nf6 2. c4 g6 3. g3 c6 4. Bg2 d5 5. Nf3 Bg7 6. O-O O-O 7. Nbd2 Bf5 8.
b3 Nbd7 9. Nh4 Be6 10. Bb2 Rc8 11. Rc1 Qa5 12. a3 Rfd8 13. b4 Qa6 14. c5 b6
15. h3 Ne4 16. Nhf3 bxc5 17. Nxe4 dxe4 18. Nd2 cxd4 19. Nxe4 d3 20. Qd2
dxe2 21. Bxg7 exf1=Q+ 22. Bxf1 Qxa3 23. Qh6 Qxc1 24. Qxc1 Kxg7 25. Ba6 Rb8
26. Qxc6 Nf6 27. Nxf6 exf6 28. Qc5 Bxh3 29. b5 Rb6 0-1

[Event "FIDE World Cup 2021"]
[Site "Krasnaya Polyana (Sochi) RUS"]
[Date "2021.07.15"]
[EventDate "2021.07.12"]
[Round "2.1"]
[Result "0-1"]
[White "Mustafa Yilmaz"]
[Black "Haik M Martirosyan"]
[WhiteElo "2630"]
[BlackElo "2632"]
[PlyCount "98"]

1. Nf3 Nf6 2. c4 e6 3. Nc3 d5 4. d4 Be7 5. Bf4 O-O 6. e3 Nbd7 7. c5 c6 8.
h3 b6 9. b4 a5 10. a3 Ne4 11. Nxe4 dxe4 12. Ne5 Nxe5 13. Bxe5 Qd5 14. Be2
bxc5 15. bxc5 Bxc5 16. Qc2 Be7 17. Bc4 Qd7 18. Qxe4 Ba6 19. Qg4 g6 20. Bxa6
Rxa6 21. h4 h5 22. Qe2 Rb6 23. g4 Qb7 24. O-O f6 25. Qc2 fxe5 26. Qxg6+ Kh8
27. Rab1 Rb5 28. Qh6+ Kg8 29. Qg6+ Kh8 30. Qh6+ Kg8 31. Rxb5 cxb5 32. Qg6+
Kh8 33. Qh6+ Kg8 34. Qxe6+ Kg7 35. Rc1 Rf6 36. Qxe5 Bd6 37. Qg5+ Rg6 38.
Qf5 Rxg4+ 39. Kf1 b4 40. Qxh5 Rg6 41. Ke2 bxa3 42. Qxa5 Qb2+ 43. Qd2 Qb5+
44. Qd3 Qh5+ 45. Kf1 Bh2 46. Ke1 Rg1+ 47. Kd2 Qa5+ 48. Rc3 a2 49. Qe4 Qxc3+
0-1

[Event "FIDE World Cup 2021"]
[Site "Krasnaya Polyana (Sochi) RUS"]
[Date "2021.07.15"]
[EventDate "2021.07.12"]
[Round "2.1"]
[Result "1/2-1/2"]
[White "Ivan Saric"]
[Black "Alan Pichot"]
[WhiteElo "2653"]
[BlackElo "2630"]
[PlyCount "40"]

1. e4 e5 2. Nf3 Nc6 3. Bc4 Bc5 4. c3 Nf6 5. d4 exd4 6. e5 d5 7. Bb5 Ne4 8.
cxd4 Bb6 9. Nc3 O-O 10. Be3 f5 11. exf6 Rxf6 12. Nxe4 dxe4 13. Ng5 Qe7 14.
Bc4+ Kh8 15. Qh5 h6 16. O-O-O Bf5 17. Nf7+ Kh7 18. Ng5+ Kh8 19. Nf7+ Kh7
20. Ng5+ 1/2-1/2

[Event "FIDE World Cup 2021"]
[Site "Krasnaya Polyana (Sochi) RUS"]
[Date "2021.07.15"]
[EventDate "2021.07.12"]
[Round "2.1"]
[Result "1/2-1/2"]
[White "Nodirbek Abdusattorov"]
[Black "Chithambaram VR Aravindh"]
[WhiteElo "2634"]
[BlackElo "2641"]
[PlyCount "102"]

1. d4 d5 2. c4 dxc4 3. Nf3 c5 4. e3 cxd4 5. Bxc4 Qc7 6. Qb3 e6 7. O-O Nf6
8. exd4 Nc6 9. Nc3 Bd7 10. Bd3 Be7 11. Bg5 O-O 12. Rfe1 h6 13. Bh4 Qb6 14.
Qxb6 axb6 15. a3 Rfd8 16. Bg3 Be8 17. Nb5 Nd5 18. Rac1 Ra5 19. Nc7 Bf6 20.
Nxd5 Raxd5 21. Bc7 Ra8 22. Bc4 Rd7 23. Bxb6 Nxd4 24. Bxd4 Bxd4 25. Bb5 Rd5
26. Bxe8 Rxe8 27. Nxd4 Rxd4 28. Rc7 b5 29. Rb7 Rc8 30. Rxb5 Rc2 31. Rb8+
Kh7 32. Rb3 f6 33. Rf1 e5 34. g3 e4 35. g4 Rd3 36. Rb4 e3 37. Re4 Rxb2 38.
Rxe3 Rxe3 39. fxe3 Ra2 40. Rf4 Rxa3 41. Kf2 Kg6 42. h3 h5 43. Rf5 hxg4 44.
hxg4 Rb3 45. Kf3 Ra3 46. Rc5 Ra4 47. Rb5 Rc4 48. Kg3 Re4 49. Kf3 Ra4 50.
Kg3 Re4 51. Kf3 Ra4 1/2-1/2

[Event "FIDE World Cup 2021"]
[Site "Krasnaya Polyana (Sochi) RUS"]
[Date "2021.07.15"]
[EventDate "2021.07.12"]
[Round "2.1"]
[Result "1/2-1/2"]
[White "Alexey Sarana"]
[Black "Vladislav Kovalev"]
[WhiteElo "2640"]
[BlackElo "2637"]
[PlyCount "108"]

1. d4 Nf6 2. c4 e6 3. Nf3 Bb4+ 4. Bd2 Bxd2+ 5. Qxd2 O-O 6. g3 d5 7. Bg2 c6
8. O-O Nbd7 9. Rc1 Qe7 10. Qf4 Re8 11. Nbd2 e5 12. dxe5 Nxe5 13. Nxe5 Qxe5
14. Qxe5 Rxe5 15. cxd5 Nxd5 16. e4 Nb6 17. Nb3 Be6 18. Nc5 Nd7 19. b4 Nxc5
20. bxc5 b6 21. cxb6 axb6 22. Rxc6 Rea5 23. Rxb6 g6 24. Bf3 Rxa2 25. Rxa2
Rxa2 26. g4 Ra5 27. h4 h6 28. Kg2 g5 29. Kg3 Kg7 30. Bd1 Ra1 31. Rd6 Kf6
32. Rd8 Ke5 33. hxg5 hxg5 34. f3 Rc1 35. Be2 Rg1+ 36. Kf2 Rc1 37. Ke3 Rc3+
38. Bd3 Ra3 39. Rd4 Rc3 40. Ra4 Rc5 41. Ra8 Bc8 42. Rb8 Be6 43. Rg8 Kf6 44.
f4 gxf4+ 45. Kxf4 Rc8 46. Rg5 Rc3 47. Be2 Rc2 48. Bf3 Rc1 49. Ra5 Rf1 50.
Ra6 Kg7 51. Kg3 Rg1+ 52. Kf2 Rc1 53. Ke3 Re1+ 54. Kf4 1/2-1/2

[Event "FIDE World Cup 2021"]
[Site "Krasnaya Polyana (Sochi) RUS"]
[Date "2021.07.15"]
[EventDate "2021.07.12"]
[Round "2.1"]
[Result "1-0"]
[White "Rinat Jumabayev"]
[Black "Alexander Motylev"]
[WhiteElo "2637"]
[BlackElo "2639"]
[PlyCount "106"]

1. Nf3 Nf6 2. g3 d5 3. Bg2 e6 4. O-O Be7 5. d4 O-O 6. c4 a5 7. Nc3 c6 8. b3
b6 9. Nd2 b5 10. cxb5 cxb5 11. Nxb5 Qb6 12. a4 Nc6 13. e4 Ba6 14. e5 Nd7
15. Nf3 Na7 16. Re1 Nxb5 17. axb5 Bxb5 18. h4 Rfc8 19. h5 Qc6 20. h6 Qc2
21. Bd2 gxh6 22. Bxa5 Qxd1 23. Rexd1 Be2 24. Rd2 Bxf3 25. Bxf3 Nb8 26. Ra4
Nc6 27. Rc2 Nxa5 28. Rxa5 Bb4 29. Rxa8 Rxa8 30. Kf1 Ra7 31. Ke2 Rb7 32. Bh5
Be7 33. Rc3 Kg7 34. f4 Rb4 35. Rc7 Kf8 36. Rc8+ Kg7 37. Rc7 Kf8 38. Rc8+
Kg7 39. Re8 Bf8 40. Rd8 Be7 41. Re8 Bf8 42. g4 Rxd4 43. f5 Re4+ 44. Kd3
Rxe5 45. f6+ Kxf6 46. Rxf8 Re1 47. Rxf7+ Ke5 48. Rxh7 d4 49. Rxh6 Re3+ 50.
Kc4 Rc3+ 51. Kb4 Rc7 52. g5 d3 53. g6 Kd5 1-0

[Event "FIDE World Cup 2021"]
[Site "Krasnaya Polyana (Sochi) RUS"]
[Date "2021.07.15"]
[EventDate "2021.07.12"]
[Round "2.1"]
[Result "1-0"]
[White "Aryan Tari"]
[Black "Evgeny Bareev"]
[WhiteElo "2639"]
[BlackElo "2638"]
[PlyCount "78"]

1. e4 e6 2. d4 d5 3. Nc3 Nf6 4. e5 Nfd7 5. f4 c5 6. Nf3 Nc6 7. Be3 Be7 8.
Qd2 a6 9. dxc5 Nxc5 10. O-O-O Qc7 11. Qf2 b6 12. Kb1 O-O 13. h4 f6 14. Qg3
fxe5 15. fxe5 b5 16. Bxc5 Bxc5 17. Bd3 Ra7 18. h5 Be3 19. h6 g6 20. Bxg6
Kh8 21. Bxh7 Bf4 22. Qg7+ Qxg7 23. hxg7+ Kxg7 24. Bd3 Kg8 25. Rh5 Rg7 26.
Rdh1 Bd7 27. Ne2 Be3 28. Nh4 Rg5 29. Rxg5+ Bxg5 30. Nf3 Bd8 31. c3 Bc7 32.
Rh5 Be8 33. Rg5+ Kh8 34. Ned4 Nxd4 35. Nxd4 Bf7 36. a4 bxa4 37. Bxa6 Bg8
38. Ka2 Rf4 39. Bc8 1-0

[Event "FIDE World Cup 2021"]
[Site "Krasnaya Polyana (Sochi) RUS"]
[Date "2021.07.16"]
[EventDate "2021.07.12"]
[Round "2.2"]
[Result "1-0"]
[White "Magnus Carlsen"]
[Black "Sasa Martinovic"]
[WhiteElo "2847"]
[BlackElo "2548"]
[PlyCount "154"]

1. e4 c5 2. Nf3 d6 3. d4 cxd4 4. Nxd4 Nf6 5. Nc3 Nc6 6. Nb3 g6 7. Be3 Bg7
8. Qd2 O-O 9. f3 Be6 10. O-O-O Rc8 11. Kb1 Ne5 12. Be2 Bc4 13. Bd4 Bxe2 14.
Qxe2 Nc6 15. Bxf6 Bxf6 16. Nd5 Bg7 17. h4 e6 18. Ne3 Qe7 19. h5 d5 20. exd5
exd5 21. Qd2 d4 22. Ng4 Rfd8 23. hxg6 hxg6 24. f4 Nb4 25. Rde1 Qd6 26. Rc1
Nd5 27. f5 Ne3 28. Nxe3 dxe3 29. Qxd6 Rxd6 30. Rce1 Re8 31. fxg6 Rxg6 32.
Re2 Rg3 33. c3 Re4 34. Nd2 Reg4 35. Nf1 Rxg2 36. Rxg2 Rxg2 37. Nxe3 Re2 38.
Nf5 Rf2 39. Rh5 Bf8 40. a4 f6 41. a5 Re2 42. Nd4 Re5 43. Rxe5 fxe5 44. Nf3
Bd6 45. Kc2 Kf7 46. Kd3 Ke6 47. Ke4 a6 48. Ne1 Bc7 49. Nd3 Bd6 50. b3 Be7
51. b4 Bd6 52. c4 Bf8 53. c5 Bh6 54. b5 axb5 55. c6 Kd6 56. cxb7 Kc7 57. a6
Bf8 58. Nxe5 Bd6 59. Nd7 Kc6 60. Kd4 Bc7 61. Kd3 Bd6 62. Ke4 Bc7 63. Kf5
Bg3 64. Ne5+ Kc7 65. Ke4 b4 66. Nd7 Kc6 67. Kd3 Bc7 68. Kc4 Bd6 69. Kb3 Bc7
70. Kxb4 Bd6+ 71. Kc4 Bc7 72. Kd3 Bd6 73. Ke4 Bc7 74. Kf5 Bd6 75. Ne5+ Kc7
76. Ke6 Bc5 77. Nc6 1-0

[Event "FIDE World Cup 2021"]
[Site "Krasnaya Polyana (Sochi) RUS"]
[Date "2021.07.16"]
[EventDate "2021.07.12"]
[Round "2.2"]
[Result "0-1"]
[White "Boris Savchenko"]
[Black "Anish Giri"]
[WhiteElo "2553"]
[BlackElo "2776"]
[PlyCount "62"]

1. Nf3 d5 2. d4 Nf6 3. c4 e6 4. g3 Be7 5. Bg2 O-O 6. O-O dxc4 7. Qc2 a6 8.
a4 Bd7 9. Qxc4 Bc6 10. Bf4 Nbd7 11. Qc2 Bd6 12. Nbd2 Bxf4 13. gxf4 Qe7 14.
Rfc1 Rfc8 15. f5 e5 16. e4 exd4 17. Nxd4 Nh5 18. Nc4 Nf4 19. Ra3 Bxa4 20.
Qxa4 b5 21. Qc2 bxc4 22. Qxc4 Ne5 23. Qc2 Rd8 24. Ne2 Nfd3 25. Rb1 Qg5 26.
Ng3 c5 27. Rba1 h5 28. Bf1 c4 29. Bxd3 cxd3 30. Qc7 Nf3+ 31. Kg2 Rac8 0-1

[Event "FIDE World Cup 2021"]
[Site "Krasnaya Polyana (Sochi) RUS"]
[Date "2021.07.16"]
[EventDate "2021.07.12"]
[Round "2.2"]
[Result "1-0"]
[White "Alexander Grischuk"]
[Black "Perez Ponsa, Federico"]
[WhiteElo "2778"]
[BlackElo "2554"]
[PlyCount "192"]

1. e4 e5 2. Nf3 Nc6 3. Bb5 Nf6 4. O-O Nxe4 5. d4 Nd6 6. Bxc6 dxc6 7. dxe5
Nf5 8. Qxd8+ Kxd8 9. h3 Be7 10. Nc3 Nh4 11. Rd1+ Ke8 12. Nxh4 Bxh4 13. Ne2
Be7 14. g4 h5 15. f3 hxg4 16. hxg4 f6 17. exf6 gxf6 18. Bf4 Kf7 19. Kf2 Be6
20. Nd4 Bc5 21. Kg3 Bxd4 22. Rxd4 c5 23. Re4 Bd5 24. Ree1 Rae8 25. b3 c4
26. Bxc7 cxb3 27. cxb3 Rxe1 28. Rxe1 Rc8 29. Rh1 Kg6 30. Rc1 Bc6 31. Bf4
Rd8 32. Be3 Rd3 33. Kf2 a6 34. Ke2 Rd7 35. Kf2 Rd3 36. Ke2 Rd7 37. Bf4 Bb5+
38. Kf2 Rd3 39. Rc5 Bc6 40. Be3 Rd5 41. Rc3 Rd7 42. a4 Rd5 43. Kg3 Rd1 44.
Kf4 Kf7 45. Bc5 Rd5 46. Bb6 Rd7 47. a5 Rd5 48. b4 Rd7 49. Bc5 Rd5 50. Kg3
Rd7 51. Re3 Bb5 52. Kh4 Bd3 53. Re1 Bc2 54. Kg3 Bd3 55. Rh1 Rd8 56. Rd1 Rd7
57. f4 Kg7 58. Kh4 Kf7 59. Kg3 Kg7 60. Be3 Bb5 61. Rc1 Bc6 62. Rc3 Rd1 63.
f5 Kf7 64. Kf2 Rd8 65. Rc1 Rg8 66. Kg3 Rd8 67. Rc3 Re8 68. Bc5 Re1 69. Rd3
Re5 70. Rd6 Rd5 71. Re6 Rd7 72. Kh4 Bd5 73. Re3 Ba2 74. Re1 Bc4 75. Kg3 Bd3
76. Kf4 Bc2 77. Rh1 Kg7 78. Rc1 Bd3 79. Ke3 Bb5 80. Bd4 Re7+ 81. Kf4 Bd3
82. Kg3 Rd7 83. Ba1 Re7 84. Rd1 Re3+ 85. Kf4 Re4+ 86. Kf3 Bc2 87. Rd7+ Kg8
88. Rxb7 Rc4 89. Rd7 Rc6 90. Kg3 Bb3 91. Bd4 Bc4 92. Bc5 Bb3 93. Kf4 Bc4
94. Rb7 Bb3 95. Ke4 Bd1 96. Rb6 1-0

[Event "FIDE World Cup 2021"]
[Site "Krasnaya Polyana (Sochi) RUS"]
[Date "2021.07.16"]
[EventDate "2021.07.12"]
[Round "2.2"]
[Result "1/2-1/2"]
[White "Krikor Sevag Mekhitarian"]
[Black "Shakhriyar Mamedyarov"]
[WhiteElo "2554"]
[BlackElo "2782"]
[PlyCount "60"]

1. e4 e5 2. Nf3 Nc6 3. Bb5 a6 4. Ba4 Nf6 5. O-O b5 6. Bb3 Bb7 7. d3 Be7 8.
Nc3 O-O 9. a4 Nd4 10. Ba2 d5 11. Nxe5 c5 12. Nxd5 Nxd5 13. Bxd5 Bxd5 14.
exd5 Qxd5 15. Nf3 Nc6 16. Re1 Rad8 17. axb5 axb5 18. Be3 Bf6 19. c3 b4 20.
Rc1 Rfe8 21. h3 h6 22. Qa4 Ra8 23. Qb5 Ra5 24. Qc4 Qxc4 25. dxc4 bxc3 26.
bxc3 Ra4 27. Bxc5 Rxe1+ 28. Rxe1 Rxc4 29. Bd4 Nxd4 30. cxd4 Bxd4 1/2-1/2

[Event "FIDE World Cup 2021"]
[Site "Krasnaya Polyana (Sochi) RUS"]
[Date "2021.07.16"]
[EventDate "2021.07.12"]
[Round "2.2"]
[Result "1-0"]
[White "Vachier-Lagrave, Maxime"]
[Black "Elshan Moradiabadi"]
[WhiteElo "2749"]
[BlackElo "2553"]
[PlyCount "46"]

1. e4 c5 2. Nf3 e6 3. g3 Nc6 4. Bg2 Nf6 5. Qe2 d5 6. exd5 Nxd5 7. O-O Be7
8. Rd1 O-O 9. d4 cxd4 10. Nxd4 Nxd4 11. Rxd4 Bf6 12. Rd1 Qc7 13. c4 Nb6 14.
Na3 Bd7 15. Bf4 e5 16. Be3 Rad8 17. c5 Nc8 18. Nb5 Qb8 19. Nc3 Rfe8 20. Nd5
Be7 21. Rd2 Be6 22. Rad1 Rd7 23. Nf6+ 1-0

[Event "FIDE World Cup 2021"]
[Site "Krasnaya Polyana (Sochi) RUS"]
[Date "2021.07.16"]
[EventDate "2021.07.12"]
[Round "2.2"]
[Result "1/2-1/2"]
[White "Dominguez Perez, Leinier"]
[Black "Jakhongir Vakhidov"]
[WhiteElo "2758"]
[BlackElo "2534"]
[PlyCount "90"]

1. e4 c5 2. Nf3 g6 3. d4 cxd4 4. Nxd4 Bg7 5. c4 Nc6 6. Be3 Qb6 7. Nb3 Qd8
8. Qd2 Nf6 9. f3 d6 10. Nc3 O-O 11. Be2 Be6 12. O-O Nd7 13. f4 Nc5 14. Nd4
Nxd4 15. Bxd4 Qb6 16. Rad1 Bxd4+ 17. Qxd4 f6 18. b3 a5 19. Rfe1 a4 20. Nb5
axb3 21. axb3 Bf7 22. e5 dxe5 23. fxe5 Rad8 24. Qe3 fxe5 25. b4 Na4 26. c5
Qe6 27. Qa3 Qb3 28. Qxb3 Bxb3 29. Rb1 Bc2 30. Bc4+ Kh8 31. Rbc1 Bd3 32.
Bxd3 Rxd3 33. Rxe5 Rb3 34. Rxe7 Rxb4 35. Nd6 Nxc5 36. Nf7+ Kg7 37. Rf1 Re4
38. Rc7 Ne6 39. Rxb7 Nf4 40. Ng5+ Kh6 41. Rf7 Ne2+ 42. Kf2 Rf4+ 43. Kxe2
Re8+ 44. Kd3 Rxf1 45. Rxf1 Kxg5 1/2-1/2

[Event "FIDE World Cup 2021"]
[Site "Krasnaya Polyana (Sochi) RUS"]
[Date "2021.07.16"]
[EventDate "2021.07.12"]
[Round "2.2"]
[Result "0-1"]
[White "Shamsiddin Vokhidov"]
[Black "Sergey Karjakin"]
[WhiteElo "2530"]
[BlackElo "2757"]
[PlyCount "100"]

1. e4 e5 2. Nf3 Nc6 3. Bc4 Bc5 4. c3 Nf6 5. d3 O-O 6. O-O d5 7. exd5 Nxd5
8. Re1 Bg4 9. h3 Bh5 10. Nbd2 Nb6 11. Bb5 Bd6 12. Ne4 f5 13. Ng3 Bxf3 14.
Qxf3 Qd7 15. Nf1 Rae8 16. Bxc6 bxc6 17. Be3 c5 18. b3 c6 19. c4 Na8 20. a3
Nc7 21. Rab1 Ne6 22. b4 h6 23. b5 cxb5 24. Rxb5 e4 25. Qd1 f4 26. Bc1 Nd4
27. dxe4 f3 28. Rb2 fxg2 29. Kxg2 Rf3 30. Ng3 Bxg3 31. fxg3 Qd6 32. Bf4 Qg6
33. Rf2 Rxa3 34. Qg4 Qxg4 35. hxg4 Ra4 36. g5 hxg5 37. Bxg5 a5 38. Bd2 Nc6
39. Rb1 Rxc4 40. Rb6 Nb4 41. Rb7 Rc2 42. Be3 Rxf2+ 43. Bxf2 Nd3 44. Rb5 Ra8
45. Bxc5 Nxc5 46. Rxc5 a4 47. Rc2 a3 48. Ra2 Kf7 49. Kf3 Ra4 50. Ke3 Ke6
0-1

[Event "FIDE World Cup 2021"]
[Site "Krasnaya Polyana (Sochi) RUS"]
[Date "2021.07.16"]
[EventDate "2021.07.12"]
[Round "2.2"]
[Result "1-0"]
[White "Pentala Harikrishna"]
[Black "Quesada Perez, Yasser"]
[WhiteElo "2730"]
[BlackElo "2565"]
[PlyCount "100"]

1. e4 c5 2. Nf3 Nc6 3. Bb5 e6 4. O-O Nge7 5. Re1 a6 6. Bf1 b6 7. c3 d5 8.
exd5 Nxd5 9. d4 cxd4 10. Nxd4 Bb7 11. Nf3 Be7 12. c4 Nf6 13. Bf4 Qxd1 14.
Rxd1 Ne4 15. Nc3 Nxc3 16. bxc3 Bc5 17. Rab1 Rc8 18. Nd2 Na5 19. Nb3 Be4 20.
Rb2 Ba3 21. Rbd2 O-O 22. Nxa5 bxa5 23. Bd6 Bxd6 24. Rxd6 Bb7 25. f3 g6 26.
Kf2 Rc7 27. Ke3 Rfc8 28. Rb6 Kf8 29. Rdb1 Bc6 30. Rxa6 a4 31. Rab6 e5 32.
a3 Ke7 33. Bd3 f5 34. Ra6 Ra8 35. Rxa8 Bxa8 36. g3 Bc6 37. f4 Kd6 38. c5+
Kd5 39. c4+ Kxc5 40. fxe5 Re7 41. Kf4 Kd4 42. Rb6 Rc7 43. Be2 Rc8 44. e6
Kc5 45. Rxc6+ Rxc6 46. Ke5 Rc7 47. Bd1 Ra7 48. Kf6 Ra6 49. Kf7 Ra7+ 50. e7
1-0

[Event "FIDE World Cup 2021"]
[Site "Krasnaya Polyana (Sochi) RUS"]
[Date "2021.07.16"]
[EventDate "2021.07.12"]
[Round "2.2"]
[Result "1/2-1/2"]
[White "Santosh Gujrathi Vidit"]
[Black "Alexandr Fier"]
[WhiteElo "2726"]
[BlackElo "2569"]
[PlyCount "68"]

1. d4 d5 2. c4 e6 3. Nf3 Nf6 4. g3 dxc4 5. Bg2 Nc6 6. Qa4 Bb4+ 7. Bd2 Nd5
8. Bxb4 Nxb4 9. O-O Rb8 10. Na3 O-O 11. Qb5 b6 12. Qxc4 Ba6 13. Nb5 Qd5 14.
Qxd5 Nxd5 15. a4 Na5 16. Ne5 Rbd8 17. Nxa7 Nb3 18. Nac6 Bxe2 19. Ra3 Bxf1
20. Kxf1 Na5 21. Bxd5 exd5 22. Nxd8 Rxd8 23. Rc3 f6 24. Nd3 c6 25. b3 Kf7
26. Nb2 Ra8 27. b4 Nc4 28. Nxc4 dxc4 29. Rxc4 Rxa4 30. Rxc6 Rxb4 31. Rc7+
Kg6 32. d5 Rd4 33. Rb7 Rxd5 34. Rxb6 1/2-1/2

[Event "FIDE World Cup 2021"]
[Site "Krasnaya Polyana (Sochi) RUS"]
[Date "2021.07.16"]
[EventDate "2021.07.12"]
[Round "2.2"]
[Result "1/2-1/2"]
[White "Emre Can"]
[Black "Dmitry Andreikin"]
[WhiteElo "2569"]
[BlackElo "2724"]
[PlyCount "74"]

1. d4 Nf6 2. c4 e6 3. Nf3 d5 4. g3 Be7 5. Bg2 O-O 6. O-O dxc4 7. Qc2 c6 8.
Qxc4 b5 9. Qb3 Bb7 10. Be3 Nbd7 11. Nbd2 Rc8 12. Rfc1 a5 13. a4 Bb4 14. Ne1
Nd5 15. Bxd5 bxa4 16. Rxa4 cxd5 17. Rxc8 Qxc8 18. Nd3 Ba6 19. Nxb4 axb4 20.
Qd1 Qb7 21. Nb3 Rc8 22. Bd2 Bb5 23. Rxb4 Qa6 24. Nc1 h6 25. Kf1 e5 26. dxe5
Nxe5 27. Bc3 Nc6 28. Rg4 d4 29. Bd2 Ne5 30. Rf4 g5 31. Rxd4 Qb7 32. Kg1
Bxe2 33. Nxe2 Nf3+ 34. Kf1 Nxh2+ 35. Kg1 Nf3+ 36. Kf1 Nh2+ 37. Kg1 Nf3+
1/2-1/2

[Event "FIDE World Cup 2021"]
[Site "Krasnaya Polyana (Sochi) RUS"]
[Date "2021.07.16"]
[EventDate "2021.07.12"]
[Round "2.2"]
[Result "1-0"]
[White "Nikita Vitiugov"]
[Black "Vojtech Plat"]
[WhiteElo "2724"]
[BlackElo "2525"]
[PlyCount "128"]

1. d4 Nf6 2. c4 e6 3. Nf3 b6 4. g3 Bb7 5. Bg2 Bb4+ 6. Bd2 Qe7 7. O-O Bxd2
8. Qxd2 O-O 9. Nc3 d5 10. cxd5 exd5 11. Nh4 Rd8 12. Nf5 Qf8 13. Qf4 Na6 14.
Rac1 c5 15. Rfd1 Bc6 16. Ne3 Qe8 17. dxc5 Nxc5 18. Nexd5 Nxd5 19. Nxd5 Rac8
20. Qe3 Qxe3 21. Nxe3 Bb5 22. Bf3 Ne6 23. Rxc8 Rxc8 24. Bg4 Kf8 25. Kf1 Rc5
26. Ke1 h5 27. Bxe6 fxe6 28. Rd4 Rc1+ 29. Rd1 Rc8 30. h4 Ke7 31. f3 Kf6 32.
Kf2 g6 33. Rd2 Rc1 34. Rd1 Rc8 35. a3 Ke7 36. Rd2 Rc1 37. Rd1 Rc8 38. Rd2
Rc1 39. Nd1 Bc6 40. Ke3 e5 41. Nc3 Rg1 42. Kf2 Rc1 43. Na2 Rb1 44. Nc3 Rc1
45. Rd1 Rc2 46. Rb1 Bd7 47. Nd5+ Ke6 48. Nb4 Rc8 49. Nd3 Bb5 50. Rc1 Rd8
51. Ke3 Bxd3 52. exd3 Kd6 53. Ke4 Rg8 54. b4 a6 55. a4 g5 56. b5 axb5 57.
axb5 gxh4 58. gxh4 Rf8 59. Rc6+ Kd7 60. Rxb6 Rf4+ 61. Kxe5 Rxf3 62. Rh6
Rxd3 63. Rxh5 Rb3 64. Kf6 1-0

[Event "FIDE World Cup 2021"]
[Site "Krasnaya Polyana (Sochi) RUS"]
[Date "2021.07.16"]
[EventDate "2021.07.12"]
[Round "2.2"]
[Result "1/2-1/2"]
[White "Thai Dai Van Nguyen"]
[Black "Andrey Esipenko"]
[WhiteElo "2588"]
[BlackElo "2716"]
[PlyCount "62"]

1. d4 d5 2. c4 c6 3. Nf3 Nf6 4. Nc3 dxc4 5. a4 e6 6. e3 c5 7. Bxc4 Nc6 8.
O-O Be7 9. Qe2 O-O 10. Rd1 Qc7 11. Bd2 Rd8 12. Nb5 Qb8 13. dxc5 Bxc5 14.
Rac1 Bd7 15. Bxe6 Bxe6 16. Rxc5 Ne4 17. Rcc1 Bb3 18. Re1 Bxa4 19. Nc3 Nxd2
20. Nxd2 Qd6 21. Nf3 Qb4 22. Nxa4 Qxa4 23. h3 h6 24. Qc4 Qxc4 25. Rxc4 Rd7
26. Kf1 Rad8 27. Ke2 Kf8 28. Rec1 Rd5 29. R1c2 Ke7 30. Re4+ Kf8 31. g4
1/2-1/2